Soria y su provincia / (Record no. 21860)

MARC details
000 -LEADER
campo de control de longitud fija 00653nam a2200205 i 4500
001 - NÚMERO DE CONTROL
campo de control 21860
003 - IDENTIFICADOR DE NÚMERO DE CONTROL
campo de control ES-MaACL
005 - FECHA Y HORA DE LA ÚLTIMA TRANSACCIÓN
campo de control 20251222213656.0
007 - CAMPO FIJO DE DESCRIPCIÓN FÍSICA--INFORMACIÓN GENERAL
campo de control de longitud fija t|
008 - DATOS DE LONGITUD FIJA--INFORMACIÓN GENERAL
campo de control de longitud fija 021128s1964 sp ||||1| spa d
100 1# - ENTRADA PRINCIPAL--NOMBRE DE PERSONA
Nombre de persona Alcolea Gil, Santiago,
Fechas asociadas al nombre 1919-2008
9 (RLIN) 145493
245 10 - MENCIÓN DEL TÍTULO
Título Soria y su provincia /
Mención de responsabilidad, etc. [Santiago Alcolea Gil].
260 ## - PUBLICACIÓN, DISTRIBUCIÓN, ETC.
Lugar de publicación, distribución, etc. Barcelona :
Nombre del editor, distribuidor, etc. Aries,
Fecha de publicación, distribución, etc. [1964]
300 ## - DESCRIPCIÓN FÍSICA
Extensión 208 p. :
Otras características físicas il. ;
Dimensiones 17 cm.
490 1# - MENCIÓN DE SERIE
Mención de serie Guías artísticas de España
651 ## - PUNTO DE ACCESO ADICIONAL DE MATERIA--NOMBRE GEOGRÁFICO
Nombre geográfico Soria (Provincia)-
Subdivisión de forma Guías turísticas.
9 (RLIN) 171951
830 0# - PUNTO DE ACCESO ADICIONAL DE SERIE-TÍTULO UNIFORME
Título uniforme Guías artísticas de España
9 (RLIN) 180778
852 ## - LOCALIZACIÓN
Ubicación ES-MaACL
Número de control de estantería C-27050
Sublocalización o colección R.54453
Holdings
Estatus retirado Estado de pérdida Estado de daño No para préstamo Biblioteca de origen Biblioteca actual Ubicación en estantería Fecha de adquisición Fuente de adquisición Total de préstamos Signatura topográfica completa Código de barras Visto por última vez Precio de reemplazo Tipo de ítem Koha
        Biblioteca del Ateneo de Madrid Biblioteca del Ateneo de Madrid Depósito 2 17/01/2008     C-27050 1022467 23/02/2023 23/02/2023 Libro impreso